000 00267nam a22001217a 4500
003 SGT
082 _a615.32
_bABR
100 _aABRAL, D.P.
245 _aHONEYBEE MITES AND THEIR MANAGEMENT
260 _aDELHI
_bKALYANI
_c2009
300 _a200
942 _2ddc
_cBK
_01
999 _c25665
_d25665